| 000 | 00399nam a2200157 i 4500 | ||
|---|---|---|---|
| 001 | bg | ||
| 100 | 1 | _aEMANUEL, Nikolaj M. | |
| 245 | 0 |
_aKinetyka chemiczna w układach jednorodnych / _cN.M. Emanuel, D.G. Knorre. |
|
| 260 |
_aWarszawa, _c1983. |
||
| 700 | 1 | _aKNORRE, Dmitrij G. | |
| 040 | _cBPK | ||
| 041 | _apol | ||
| 080 | _a541.12 | ||
| 942 | _cKS | ||
| 008 | s pl f |000 0 pol | ||
| 999 |
_c22243 _d22243 |
||
| 856 |
_uhttp://koha.tu.koszalin.pl/cgi-bin/koha/opac-detail.pl?biblionumber=22243 _yKatalog online BPK |
||